000 01279nam a2200361 c 4500
003 BLK
005 20191017175954.0
008 180412b bul|||||r ||||||| ||bul||
010 _aKNG00009759000
020 _a954-580-010-0
_bиздат.: Херон Прес
040 _aBLK
041 _aBUL
_cBUL
080 _aФизика
_b53
_x(410)(092)
_z53(410)(092)
080 _a
_b929 Хокинг, Стивън Уилям
_x
_z929 Хокинг, Стивън Уилям
100 1 _aУайт, Майкъл
_eпърви автор
_9253484
139 _aУайт, Майкъл
_bУ 14
245 1 0 _aСтивън Хокинг
_bЖивот в науката
_cМайкъл Уайт.
257 _aGBR
260 София
_bХерон Прес
_c1995
300 _a279 с.
_c22 см
380 _a5
500 _aОриг. загл. Stephen Hawking / Michael White, John Gribbin. - 2 000 тир.
600 1 4 _aХокинг, Стивън Уилям
_9364189
650 4 _aУчени, английски
_9253485
650 4 _aФизици, английски
_9253486
651 4 _aВеликобритания
_9178698
653 _aфизици
852 _aЦб 184744
856 4 _qpdf
_u
856 4 _qpdf
_u
942 _cKNG
_n0
_03
944 _aCR
_c18.03.2003
_kСимона_Петрова
944 _aED
_c06.08.2014
_k
999 _c8414
_d8414